<?xml version="1.0" encoding="UTF-8"?>
<collection xmlns="http://www.loc.gov/MARC21/slim">
 <record>
  <leader>00636nam a22001695a 4500</leader>
  <controlfield tag="001">EEA.libagro002470</controlfield>
  <controlfield tag="005">20140716091921.0</controlfield>
  <controlfield tag="008">130809s1977####sp#a##########000#0#spa#d</controlfield>
  <datafield tag="020" ind1=" " ind2=" ">
   <subfield code="a">8428203105</subfield>
  </datafield>
  <datafield tag="082" ind1="0" ind2="4">
   <subfield code="a">581.5</subfield>
  </datafield>
  <datafield tag="100" ind1="1" ind2=" ">
   <subfield code="a">Heinrich, Walter.</subfield>
  </datafield>
  <datafield tag="245" ind1="1" ind2="0">
   <subfield code="a">Zonas de vegetación y clima :</subfield>
   <subfield code="b">breve exposición desde el punto de vista casual y global /</subfield>
   <subfield code="c">Walter Heinrich, traducido por Margarida Costa.</subfield>
  </datafield>
  <datafield tag="260" ind1=" " ind2=" ">
   <subfield code="a">Barcelona :</subfield>
   <subfield code="b">Omega,</subfield>
   <subfield code="c">1977.</subfield>
  </datafield>
  <datafield tag="300" ind1=" " ind2=" ">
   <subfield code="a">245 p. :</subfield>
   <subfield code="b">il., fot. byn ;</subfield>
   <subfield code="c">19 cm.</subfield>
  </datafield>
  <datafield tag="500" ind1=" " ind2=" ">
   <subfield code="a">Manuales flexibles de ciencias biológicas.</subfield>
  </datafield>
  <datafield tag="700" ind1="1" ind2=" ">
   <subfield code="a">Costa, Margarida.</subfield>
   <subfield code="4">trl</subfield>
  </datafield>
  <datafield tag="859" ind1=" " ind2=" ">
   <subfield code="a">AR-BbBCA</subfield>
   <subfield code="b">BIB. AGRONOMIA</subfield>
   <subfield code="h">581.5</subfield>
   <subfield code="i">W232</subfield>
   <subfield code="p">C1982/0001</subfield>
  </datafield>
 </record>
</collection>
